| 000 | 00338nam a22001217a 4500 | ||
|---|---|---|---|
| 999 |
_c9458 _d9458 |
||
| 003 | OSt | ||
| 008 | 201203b ||||| |||| 00| 0 eng d | ||
| 245 | _aNew Cloth Market | ||
| 250 | _a2015( May Vol.29 No.5, Jun Vol.29 No.6, Jul Vol.29 No.7, Aug Vol.29 No.8 ) | ||
| 260 |
_aAhmedabad _bIIMS |
||
| 650 | _aTextile Engineering | ||
| 942 |
_2ddc _cBV |
||